[Event "IX Festival A"]
[Site "Salsomaggiore Terme ITA"]
[Date "2005.05.21"]
[Round "4"]
[White "Losi, Renzo"]
[Black "Cedriano, Filippo"]
[Result "1-0"]
[WhiteElo "1901"]
[BlackElo "2043"]
[PlyCount "40"]
[EventDate "2005.05.20"]

1. e4 g6 2. d4 Bg7 3. Be3 Nf6 4. Nc3 d6 5. f3 c6 6. Nge2 O-O 7. Qd2 b5 8. Nf4
e5 9. dxe5 dxe5 10. Nd3 Qc7 11. a4 bxa4 12. Nxa4 Bb7 13. Nac5 Nbd7 14. Qf2 a5
15. Be2 Nh5 16. Nxd7 Qxd7 17. Nc5 Qe7 18. O-O Bc8 19. Bc4 Nf4 20. Ra4 Rb8 1-0

[Event "IX Festival A"]
[Site "Salsomaggiore Terme ITA"]
[Date "2005.05.21"]
[Round "4"]
[White "Luciani, Valerio"]
[Black "Salvador, Roland"]
[Result "0-1"]
[WhiteElo "2241"]
[BlackElo "2360"]
[PlyCount "126"]
[EventDate "2005.05.20"]

1. d4 d5 2. c4 e5 3. dxe5 d4 4. Nf3 Nc6 5. g3 Nge7 6. Nbd2 Ng6 7. Bg2 Ngxe5 8.
a3 Nxf3+ 9. Nxf3 a5 10. b3 Bc5 11. Bb2 O-O 12. O-O Bf5 13. Nh4 Bg4 14. h3 Be6
15. Qd3 Qd7 16. g4 a4 17. Bxc6 Qxc6 18. b4 Be7 19. Nf5 Bxf5 20. Qxf5 Qxc4 21.
Rac1 Qb3 22. Bxd4 Qxh3 23. Rc3 Qh6 24. Be3 Qh4 25. Kg2 g6 26. Qf3 c6 27. Rh1
Qf6 28. Qh3 h5 29. Bd2 Rfd8 30. Rd3 Qe6 31. Bc3 h4 32. g5 Qxh3+ 33. Rdxh3 Bxg5
34. f4 Be7 35. Kf3 Rd5 36. Be1 Re8 37. Bxh4 Bxh4 38. Rxh4 Kg7 39. Rh7+ Kf6 40.
Re1 Rd2 41. e4 Red8 42. e5+ Ke6 43. f5+ gxf5 44. Rh6+ Ke7 45. b5 R8d3+ 46. Re3
cxb5 47. Rb6 Rxe3+ 48. Kxe3 Ra2 49. Kf4 Kd7 50. Rxb7+ Kc6 51. Rxf7 Rxa3 52. e6
Ra1 53. Rf8 Re1 54. Rc8+ Kd6 55. Rb8 a3 56. Ra8 Re4+ 57. Kxf5 Ra4 58. Rd8+ Ke7
59. Rd7+ Ke8 60. Rh7 a2 61. Rh8+ Ke7 62. Rh7+ Kd6 63. Rd7+ Kc6 0-1

[Event "IX Festival A"]
[Site "Salsomaggiore Terme ITA"]
[Date "2005.05.21"]
[Round "4"]
[White "Muraro, Alberto"]
[Black "Barlocco, Carlo"]
[Result "1-0"]
[WhiteElo "2057"]
[BlackElo "2195"]
[PlyCount "41"]
[EventDate "2005.05.20"]

1. e4 d5 2. exd5 Qxd5 3. Nc3 Qd8 4. Nf3 g6 5. Bc4 Bg7 6. d3 Nh6 7. h4 Bg4 8.
Bxh6 Bxh6 9. Bxf7+ Kf8 10. Bd5 c6 11. Bb3 Qa5 12. Qe2 Bg7 13. d4 Bxd4 14. Qc4
Bxc3+ 15. bxc3 Qf5 16. Qd4 e5 17. Nxe5 c5 18. Qd8+ Kg7 19. Qe7+ Kh6 20. Nf7+
Qxf7 21. Qxf7 1-0

[Event "IX Festival A"]
[Site "Salsomaggiore Terme ITA"]
[Date "2005.05.21"]
[Round "4"]
[White "Mussap, Angelo"]
[Black "Gerundino, Nicola"]
[Result "0-1"]
[WhiteElo "2115"]
[BlackElo "1793"]
[PlyCount "110"]
[EventDate "2005.05.20"]

1. c4 Nf6 2. Nc3 e5 3. e4 Bc5 4. Be2 Nc6 5. Nf3 d6 6. h3 h6 7. d3 a6 8. Be3 Nd4
9. Bxd4 Bxd4 10. Nxd4 exd4 11. Nb1 O-O 12. O-O Nh7 13. Nd2 c5 14. f4 f5 15. Rf2
Ra7 16. Bf3 Nf6 17. Qf1 b6 18. exf5 Bxf5 19. g4 Be6 20. Re1 Bf7 21. Rfe2 Re8
22. Bc6 Rxe2 23. Qxe2 Rc7 24. Bf3 Kf8 25. Nf1 Re7 26. Qf2 Rxe1 27. Qxe1 d5 28.
b3 Qe7 29. Qxe7+ Kxe7 30. Ng3 g6 31. g5 hxg5 32. fxg5 Nh7 33. h4 dxc4 34. bxc4
Kd6 35. Bb7 a5 36. a3 Ke5 37. Kf2 Kf4 38. Bc8 Nf8 39. Ne2+ Ke5 40. Kf3 Be8 41.
Bb7 Bd7 42. Nf4 Bf5 43. Be4 Bxe4+ 44. dxe4 b5 45. Nd3+ Kd6 46. e5+ Kc6 47.
cxb5+ Kxb5 48. Ke4 c4 49. Nf4 d3 50. Ke3 Kc6 51. Nxg6 Nxg6 52. h5 Nxe5 53. g6
Ng4+ 54. Kd2 Nh6 55. Kc3 Kd5 0-1

[Event "IX Festival A"]
[Site "Salsomaggiore Terme ITA"]
[Date "2005.05.21"]
[Round "4"]
[White "Musto, Marco"]
[Black "Bozuffi, Italo"]
[Result "1/2-1/2"]
[WhiteElo "1491"]
[BlackElo "1748"]
[PlyCount "118"]
[EventDate "2005.05.20"]

1. d4 f5 2. c4 Nf6 3. Nc3 e6 4. g3 Be7 5. Bg2 O-O 6. Nf3 c6 7. O-O d5 8. Bf4
Qe8 9. Qc2 Nbd7 10. cxd5 Nxd5 11. Nxd5 exd5 12. Rab1 Nf6 13. Ne5 Nd7 14. Nd3
Bf6 15. Bd6 Be7 16. Bxe7 Qxe7 17. e3 Nf6 18. b4 Ne4 19. Ne5 Nd6 20. Rfc1 Be6
21. Bf1 a6 22. a4 Rac8 23. Qb3 Ne4 24. Qa2 Bd7 25. f3 Nd6 26. Qb3 Rfd8 27. b5
axb5 28. axb5 cxb5 29. Nxd7 Qxd7 30. Qxd5+ Kf8 31. Rxc8 Qxc8 32. Bxb5 Nxb5 33.
Qxb5 Qe6 34. Rb3 Rd7 35. Kf2 Rc7 36. Qd3 g6 37. Qb1 Re7 38. Qc2 f4 39. gxf4 Qh3
40. Qe2 Qxh2+ 41. Ke1 Qg1+ 42. Kd2 Qa1 43. Qc4 Qa5+ 44. Kd3 Qf5+ 45. Kd2 Qa5+
46. Qb4 Qa2+ 47. Kd3 Qf2 48. Kc4 Qxf3 49. Qd6 Qc6+ 50. Qxc6 bxc6 51. Kc5 Re6
52. Kc4 h5 53. Kd3 Ke7 54. Rb7+ Kd6 55. e4 Re7 56. Rxe7 Kxe7 57. Ke3 Ke6 58.
Kf3 c5 59. e5 Kd5 1/2-1/2

[Event "IX Festival A"]
[Site "Salsomaggiore Terme ITA"]
[Date "2005.05.21"]
[Round "4"]
[White "Panizzi, Giuseppe"]
[Black "Sciortino, Massimo"]
[Result "1/2-1/2"]
[WhiteElo "2130"]
[BlackElo "2306"]
[PlyCount "82"]
[EventDate "2005.05.20"]

1. Nf3 d6 2. d4 f5 3. Nc3 Nf6 4. Bf4 e6 5. e3 Be7 6. h3 O-O 7. Be2 Qe8 8. O-O
Nc6 9. Nb5 Bd8 10. c4 e5 11. dxe5 dxe5 12. Bg5 a6 13. Nc3 e4 14. Nd4 Ne5 15. c5
Nf7 16. Qb3 Kh8 17. Bf4 g5 18. Bh2 g4 19. hxg4 Nxg4 20. Bxg4 fxg4 21. Qd5 Bf6
22. Qxe4 Be5 23. Bxe5+ Nxe5 24. Nde2 Bf5 25. Qxb7 Rb8 26. Qxc7 Rxb2 27. Ng3 Bd3
28. Nce4 Bxf1 29. Rxf1 Rxa2 30. Ng5 Nf7 31. N3e4 Nxg5 32. Nxg5 Qg6 33. Qe7 Kg8
34. f4 gxf3 35. Rxf3 Rxf3 36. Qd8+ Kg7 37. Qd4+ Rf6 38. Ne6+ Kh6 39. Qh4+ Qh5
40. Qxf6+ Qg6 41. Qh4+ Qh5 1/2-1/2

[Event "IX Festival A"]
[Site "Salsomaggiore Terme ITA"]
[Date "2005.05.21"]
[Round "4"]
[White "Prati, Alessandro"]
[Black "Braga, Gian Carlo"]
[Result "1-0"]
[WhiteElo "1808"]
[BlackElo "1515"]
[PlyCount "109"]
[EventDate "2005.05.20"]

1. d4 Nf6 2. c4 d5 3. Nc3 g6 4. cxd5 Nxd5 5. e4 Nf6 6. Nf3 Bg7 7. Bc4 e6 8. Bg5
h6 9. Bf4 c6 10. O-O b5 11. Bd3 O-O 12. Qd2 Kh7 13. Rac1 Bb7 14. Rfd1 Nbd7 15.
Bd6 Re8 16. a3 Nb6 17. Bc5 Nfd7 18. Qf4 Qf6 19. Qc7 Nxc5 20. dxc5 Re7 21. e5
Rxc7 22. exf6 Bxf6 23. cxb6 axb6 24. Nxb5 Re7 25. Nc3 c5 26. Be2 Kg7 27. Rd2 g5
28. Nb5 g4 29. Ne1 h5 30. Rcd1 Bd5 31. Nc3 Bb3 32. Rb1 Bg5 33. Rd6 Rb8 34. g3
f5 35. Bd1 Bd5 36. Bc2 Ba8 37. Rbd1 Bf3 38. Nxf3 gxf3 39. Rd7 h4 40. Rxe7+ Bxe7
41. Bb3 hxg3 42. hxg3 Kf6 43. Rd2 Rc8 44. Bd1 e5 45. Nd5+ Ke6 46. Nxe7 Kxe7 47.
Bxf3 e4 48. Bd1 b5 49. Kf1 Ke8 50. Ke2 c4 51. Ke3 c3 52. Rc2 Rd8 53. Be2 cxb2
54. Rxb2 Ra8 55. Rb3 1-0

[Event "IX Festival A"]
[Site "Salsomaggiore Terme ITA"]
[Date "2005.05.21"]
[Round "4"]
[White "Ranola, Yves"]
[Black "Martinez, Rolly"]
[Result "1/2-1/2"]
[WhiteElo "2467"]
[BlackElo "2414"]
[PlyCount "22"]
[EventDate "2005.05.20"]

1. e4 e6 2. d3 d5 3. Nd2 Nc6 4. Ngf3 dxe4 5. dxe4 e5 6. Bb5 f6 7. c3 Bd6 8. a4
Be6 9. a5 a6 10. Bxc6+ bxc6 11. Qa4 Ne7 1/2-1/2

[Event "IX Festival A"]
[Site "Salsomaggiore Terme ITA"]
[Date "2005.05.21"]
[Round "4"]
[White "Rezzuti, Vincenzo"]
[Black "Pircher, Karl"]
[Result "1-0"]
[WhiteElo "1862"]
[BlackElo "2037"]
[PlyCount "77"]
[EventDate "2005.05.20"]

1. e4 e6 2. d4 d5 3. e5 c5 4. c3 Nc6 5. Nf3 Qb6 6. a3 c4 7. Nbd2 Na5 8. b4 cxb3
9. Bb2 Bd7 10. c4 dxc4 11. Nxc4 Nxc4 12. Bxc4 Bc6 13. O-O Ne7 14. Nd2 Nd5 15.
Bxb3 Be7 16. Nc4 Qd8 17. Qd2 a5 18. a4 O-O 19. Bc3 Nb4 20. Ne3 Qd7 21. Rfd1
Rfd8 22. Qe2 Qc7 23. Qg4 Bf8 24. Rac1 Qd7 25. f4 Be4 26. Bxb4 Bxb4 27. d5 exd5
28. f5 Ba3 29. Nxd5 Bxf5 30. Qg3 Bxc1 31. Nf6+ Kh8 32. Nxd7 Rxd7 33. Rxc1 Rd3
34. Qf4 g6 35. Bc4 Rd7 36. e6 fxe6 37. Bxe6 Re7 38. Bxf5 gxf5 39. Qxf5 1-0

[Event "IX Festival A"]
[Site "Salsomaggiore Terme ITA"]
[Date "2005.05.21"]
[Round "4"]
[White "Roberti, Ignazio"]
[Black "Bonade', Massimo"]
[Result "1/2-1/2"]
[WhiteElo "1954"]
[BlackElo "2101"]
[PlyCount "111"]
[EventDate "2005.05.20"]

1. Nf3 d5 2. b3 Nf6 3. e3 e6 4. Bb2 Be7 5. Be2 O-O 6. O-O c5 7. d4 Nc6 8. Ne5
Qc7 9. f4 a6 10. a4 b6 11. Nd2 Rb8 12. g4 Rd8 13. g5 Ne4 14. Bd3 Nxe5 15. dxe5
Nxd2 16. Qxd2 c4 17. Be2 b5 18. Bd4 b4 19. h4 a5 20. Rf2 Bd7 21. h5 Rdc8 22.
Bf1 Rb7 23. Rh2 Bc5 24. Bh3 Bxd4 25. exd4 cxb3 26. cxb3 Qc3 27. Rb1 Rbc7 28.
Bf1 Qxd2 29. Rxd2 Rc3 30. Bd3 g6 31. h6 Kf8 32. Kf2 Ke7 33. Ke2 Kd8 34. Rbb2
Kc7 35. Ba6 Ra8 36. Bd3 Kb6 37. Rdc2 Rac8 38. Kd2 R8c7 39. Rb1 Rxc2+ 40. Bxc2
Rc3 41. Bd3 Bc6 42. Rb2 Bb7 43. Rb1 Ba6 44. Bxa6 Kxa6 45. Rc1 Rf3 46. Rc7 Rxf4
47. Ke3 Rf5 48. Re7 Kb6 49. Ke2 Kc6 50. Ra7 Kb6 51. Rd7 Rf4 52. Ke3 Re4+ 53.
Kd3 Rf4 54. Ke3 Rf5 55. Ke2 Kc6 56. Ra7 1/2-1/2

[Event "IX Festival A"]
[Site "Salsomaggiore Terme ITA"]
[Date "2005.05.21"]
[Round "4"]
[White "Salami, Marco"]
[Black "Mrdja, Milan"]
[Result "0-1"]
[WhiteElo "2206"]
[BlackElo "2373"]
[PlyCount "82"]
[EventDate "2005.05.20"]

1. e4 g6 2. Nc3 Bg7 3. d4 d6 4. Bc4 e6 5. Be3 a6 6. a4 b6 7. Qd2 Nd7 8. Nf3 Bb7
9. O-O h6 10. d5 e5 11. Ne1 h5 12. Nd3 Bh6 13. f3 Qe7 14. Nb4 Kf8 15. Qe2 Bxe3+
16. Qxe3 Kg7 17. Qe2 Nb8 18. Nd1 Nh6 19. Ne3 a5 20. Na2 Nd7 21. Nc1 Raf8 22.
Nd3 f5 23. c3 Nf6 24. Nf2 f4 25. Nc2 g5 26. b4 Ra8 27. Bb5 g4 28. Nd3 Rhg8 29.
Kh1 Kh8 30. c4 axb4 31. Ncxb4 Nh7 32. Qe1 g3 33. h3 Bc8 34. Qc3 Bxh3 35. Nxf4
Bc8 36. Kg1 Qh4 37. Nh3 Bxh3 38. gxh3 g2 39. Rfc1 Ng5 40. Bd7 Raf8 41. Ra2
Nxf3+ 0-1

[Event "IX Festival A"]
[Site "Salsomaggiore Terme ITA"]
[Date "2005.05.21"]
[Round "4"]
[White "Santurbano, Maria Vincenza"]
[Black "Pipitone, Antonio"]
[Result "1/2-1/2"]
[WhiteElo "2043"]
[BlackElo "2051"]
[PlyCount "114"]
[EventDate "2005.05.20"]

1. e4 c5 2. Nf3 d6 3. d4 cxd4 4. Nxd4 Nf6 5. Nc3 Nc6 6. Be2 e6 7. Be3 Be7 8.
Qd2 a6 9. g4 Nxd4 10. Bxd4 e5 11. Be3 h6 12. Rg1 Be6 13. O-O-O Qa5 14. a3 Rc8
15. h4 Rxc3 16. Qxc3 Qxc3 17. bxc3 Nxe4 18. Kb2 Bxh4 19. f4 exf4 20. Bxf4 Bf6
21. Rd3 d5 22. Bf3 Nc5 23. Re3 d4 24. Ree1 dxc3+ 25. Kb1 O-O 26. g5 hxg5 27.
Bxg5 Bd4 28. Rg2 Re8 29. Kc1 g6 30. Rg4 Bg7 31. Rc4 b6 32. Bf4 Rd8 33. Rb4 b5
34. Be3 Na4 35. Bg5 Rd7 36. Bg4 Rd6 37. Bf4 Rc6 38. Bf3 Rc5 39. Bd6 Rc8 40. Bb7
Rd8 41. Bf4 Bf8 42. Bxa6 Bxb4 43. axb4 Bc4 44. Be5 Re8 45. Bxc3 Rxe1+ 46. Bxe1
f5 47. Bd2 Kf7 48. Bg5 Nc3 49. Bb7 Na2+ 50. Kb2 Nxb4 51. Kc3 Na2+ 52. Kd4 Ke6
53. Bc8+ Kf7 54. c3 Nc1 55. Bxc1 Kf6 56. Bf4 g5 57. Be5+ Kg6 1/2-1/2

[Event "IX Festival A"]
[Site "Salsomaggiore Terme ITA"]
[Date "2005.05.21"]
[Round "4"]
[White "Tamburini, Lorenzo"]
[Black "Cenci, Federico"]
[Result "1-0"]
[WhiteElo "2075"]
[BlackElo "1712"]
[PlyCount "47"]
[EventDate "2005.05.20"]

1. e4 c5 2. Nf3 e6 3. d4 cxd4 4. Nxd4 a6 5. Bd3 Nf6 6. O-O Qc7 7. Nc3 b5 8. Qe2
d6 9. a3 Be7 10. f4 Bb7 11. Kh1 Nbd7 12. Bd2 Rd8 13. f5 e5 14. Nb3 O-O 15. Rad1
d5 16. exd5 Nxd5 17. Nxd5 Bxd5 18. Ba5 Nb6 19. f6 Bxf6 20. Rxf6 gxf6 21. Qg4+
Kh8 22. Qf5 e4 23. Qxf6+ Kg8 24. Bc3 1-0

[Event "IX Festival A"]
[Site "Salsomaggiore Terme ITA"]
[Date "2005.05.21"]
[Round "4"]
[White "Tomba, Patrizia"]
[Black "Ferrari, Cristiano"]
[Result "1-0"]
[WhiteElo "1670"]
[BlackElo "1469"]
[PlyCount "103"]
[EventDate "2005.05.20"]

1. e4 c5 2. d4 cxd4 3. c3 dxc3 4. Nxc3 Nc6 5. Nf3 d6 6. h3 e6 7. Bc4 Nf6 8. O-O
Be7 9. Qe2 O-O 10. Rd1 e5 11. Bg5 a6 12. Bxf6 Bxf6 13. Qd2 Nd4 14. Nxd4 exd4
15. Nd5 b5 16. Bb3 Bb7 17. Nxf6+ Qxf6 18. Qxd4 Rfd8 19. Qxf6 gxf6 20. Bd5 Bxd5
21. Rxd5 Rd7 22. Rad1 Rad8 23. f4 Kf8 24. Kf2 Ke7 25. Kf3 Rc8 26. R1d2 Rc5 27.
R5d3 Ke6 28. g4 Ke7 29. b4 Rc6 30. a3 h6 31. h4 Rdc7 32. g5 hxg5 33. h5 gxf4
34. Kxf4 Ke6 35. h6 Rc8 36. h7 Rh8 37. Rh2 Rc7 38. Rg3 Rcc8 39. Rg7 Rhf8 40.
Rhg2 Rh8 41. Rg8 Rxh7 42. Rxc8 Rh4+ 43. Rg4 Rh3 44. Rg3 Rh4+ 45. Kf3 Rh1 46.
Rc6 Rf1+ 47. Ke2 Rb1 48. Rxa6 Rb2+ 49. Kf3 Ra2 50. Rg2 Ra1 51. Rc2 Ke5 52. Rd2
1-0

[Event "IX Festival A"]
[Site "Salsomaggiore Terme ITA"]
[Date "2005.05.21"]
[Round "4"]
[White "Weiland, Guenter"]
[Black "Tencati, Giuseppe"]
[Result "0-1"]
[WhiteElo "1990"]
[BlackElo "2093"]
[PlyCount "105"]
[EventDate "2005.05.20"]

1. Nf3 d5 2. c4 c6 3. d4 e6 4. g3 Nf6 5. Bg2 Nbd7 6. Qc2 Ne4 7. O-O f5 8. cxd5
exd5 9. Nc3 Be7 10. a4 O-O 11. Qb3 Kh8 12. Ne5 Bf6 13. Nxd7 Qxd7 14. e3 Qf7 15.
f3 Nd6 16. Rf2 Bd7 17. Bf1 Rae8 18. Bd2 Qh5 19. Qd1 f4 20. gxf4 Bh4 21. Rg2 Bh3
22. Rg4 Bxg4 23. fxg4 Qg6 24. Qf3 Qc2 25. Qd1 Qxd1 26. Rxd1 Bd8 27. b4 a6 28.
Bd3 Bc7 29. Kf2 b5 30. a5 Nc4 31. Bc1 Bd6 32. Na2 Re7 33. h4 Rfe8 34. Bxc4 bxc4
35. Kf3 Rb7 36. Bd2 Reb8 37. Bc3 Kg8 38. g5 g6 39. h5 Kf7 40. Rh1 Kg7 41. e4
Rf7 42. e5 Be7 43. Kg4 Rbf8 44. h6+ Kg8 45. Bd2 Rf5 46. Re1 Kf7 47. e6+ Ke8 48.
Re5 Bd6 49. Rxf5 Rxf5 50. b5 cxb5 51. Nb4 Rxf4+ 52. Bxf4 Bxb4 53. Bc1 0-1

[Event "IX Festival A"]
[Site "Salsomaggiore Terme ITA"]
[Date "2005.05.22"]
[Round "5"]
[White "Aldrovandi, Costantino"]
[Black "Gromovs, Sergejs"]
[Result "1-0"]
[WhiteElo "2246"]
[BlackElo "2362"]
[PlyCount "71"]
[EventDate "2005.05.20"]

1. Nf3 Nf6 2. g3 g6 3. Bg2 Bg7 4. O-O O-O 5. c4 d6 6. Nc3 a6 7. b3 c6 8. Bb2
Qa5 9. Ne1 Nbd7 10. a3 Rb8 11. Ra2 h5 12. b4 Qc7 13. Nf3 e5 14. Bc1 d5 15. cxd5
cxd5 16. Rc2 d4 17. Ne4 Qb6 18. Neg5 e4 19. Ne1 d3 20. exd3 exd3 21. Nxd3 a5
22. Nb2 axb4 23. axb4 Qxb4 24. d4 Nb6 25. Nd3 Qxd4 26. Be3 Qd8 27. Bc5 Re8 28.
Nxf7 Kxf7 29. Ne5+ Kg8 30. Rd2 Nbd5 31. Bxd5+ Nxd5 32. Rxd5 Qf6 33. Nd7 Bxd7
34. Rxd7 Qe6 35. Ba7 Ra8 36. Rxb7 {...} 1-0

[Event "IX Festival A"]
[Site "Salsomaggiore Terme ITA"]
[Date "2005.05.22"]
[Round "5"]
[White "Annoni, Riccardo"]
[Black "Salami, Marco"]
[Result "0-1"]
[WhiteElo "2071"]
[BlackElo "2206"]
[PlyCount "74"]
[EventDate "2005.05.20"]

1. d4 f5 2. c4 Nf6 3. g3 g6 4. Bg2 Bg7 5. Nc3 O-O 6. Nf3 d6 7. O-O c6 8. b3 Qa5
9. Bb2 e5 10. dxe5 dxe5 11. e4 f4 12. Qc2 Nh5 13. Ne2 Na6 14. a3 Qc7 15. c5 Qe7
16. Rac1 g5 17. h3 g4 18. hxg4 Bxg4 19. Nh2 Be6 20. g4 f3 21. Bxf3 Rxf3 22.
Nxf3 Bxg4 23. Nh2 Bxe2 24. Qxe2 Nf4 25. Qc4+ Kh8 26. Rc3 Rd8 27. Re1 Qh4 28.
Rg3 Rf8 29. Qc3 Bf6 30. b4 Nc7 31. Qf3 h5 32. Rd1 Nce6 33. Qe3 Ng5 34. Rd6 Bg7
35. Rh6+ Bxh6 36. Bxe5+ Kh7 37. Bxf4 Qxf4 0-1

[Event "IX Festival A"]
[Site "Salsomaggiore Terme ITA"]
[Date "2005.05.22"]
[Round "5"]
[White "Barlocco, Carlo"]
[Black "Weiland, Guenter"]
[Result "1-0"]
[WhiteElo "2195"]
[BlackElo "1990"]
[PlyCount "85"]
[EventDate "2005.05.20"]

1. d4 g6 2. Nc3 Bg7 3. e4 d6 4. f4 e6 5. Nf3 Ne7 6. Be3 a6 7. Bd3 b5 8. a4 b4
9. Na2 a5 10. c3 bxc3 11. Nxc3 Na6 12. O-O Nb4 13. Be2 O-O 14. Nd2 Ba6 15. Bxa6
Rxa6 16. Nb3 c6 17. Rc1 Ra8 18. Kh1 Rb8 19. Bg1 f5 20. e5 d5 21. Nc5 Kf7 22.
Nb1 Rb6 23. Nd2 Na6 24. Nxa6 Rxa6 25. Nb3 Qb6 26. Nc5 Ra7 27. Rf3 Rb8 28. Rb3
Qc7 29. Rcc3 Rxb3 30. Rxb3 Nc8 31. g4 Ne7 32. g5 h6 33. gxh6 Bxh6 34. Qe1 Qc8
35. Qh4 Bg7 36. Bf2 Ra8 37. Rb7 Qe8 38. Qg5 Rb8 39. Rc7 Rc8 40. Nb7 Rxc7 41.
Nd6+ Kf8 42. Nxe8 Kxe8 43. Be1 1-0

[Event "IX Festival A"]
[Site "Salsomaggiore Terme ITA"]
[Date "2005.05.22"]
[Round "5"]
[White "Bocci, Alessandro"]
[Black "Gasperi, Fosco"]
[Result "0-1"]
[WhiteElo "1793"]
[BlackElo "2168"]
[PlyCount "74"]
[EventDate "2005.05.20"]

1. d4 f5 2. h3 Nf6 3. g4 d6 4. gxf5 Bxf5 5. Bg2 c6 6. c4 e6 7. Nc3 d5 8. Nf3
Nbd7 9. Bg5 Be7 10. e4 Bxe4 11. Nxe4 Nxe4 12. Bxe7 Qxe7 13. O-O O-O 14. Re1 Qf7
15. Re2 Qh5 16. Qd3 Rf4 17. cxd5 exd5 18. Nh2 Ndf6 19. Rae1 Rf8 20. Qc2 Qf5 21.
Rf1 Qh5 22. Qd3 Qf7 23. Qe3 Nh5 24. a3 Rf5 25. a4 Nf4 26. Rc2 Nxg2 27. Kxg2
Qg6+ 28. Kh1 Ng3+ 29. Qxg3 Qxg3 30. fxg3 Rxf1+ 31. Nxf1 Rxf1+ 32. Kg2 Rd1 33.
Re2 Rxd4 34. Re8+ Kf7 35. Rb8 Rd2+ 36. Kf3 Rxb2 37. a5 a6 0-1

[Event "IX Festival A"]
[Site "Salsomaggiore Terme ITA"]
[Date "2005.05.22"]
[Round "5"]
[White "Bonade', Massimo"]
[Black "Losi, Renzo"]
[Result "0-1"]
[WhiteElo "2101"]
[BlackElo "1901"]
[PlyCount "100"]
[EventDate "2005.05.20"]

1. d4 d5 2. c4 e6 3. Nc3 Nf6 4. Bg5 Nbd7 5. e3 c6 6. Nf3 Be7 7. Qc2 a6 8. cxd5
cxd5 9. Bd3 b5 10. O-O Bb7 11. Rac1 Rc8 12. Qe2 O-O 13. Rc2 Qa5 14. Ne5 Bd6 15.
Nxd7 Nxd7 16. a3 f5 17. Rfc1 Nf6 18. Bxf6 gxf6 19. Qh5 Rc7 20. Qh4 Rg7 21. f3
f4 22. exf4 Qb6 23. Ne2 f5 24. Qf2 Kh8 25. Qe3 Rg6 26. Ng3 Qd8 27. Ne2 Rfg8 28.
g3 Qh4 29. Qf2 h5 30. Kf1 Qf6 31. Ke1 R6g7 32. Kd2 h4 33. Rh1 Bc8 34. Rc6 Qe7
35. Kc1 Bb7 36. Rc2 b4 37. axb4 Bxb4 38. Kb1 a5 39. Rhc1 a4 40. Rc7 Qxc7 41.
Rxc7 Rxc7 42. g4 Be7 43. gxf5 exf5 44. Bxf5 Bf6 45. Bc2 Bc6 46. Qe3 Re7 47. Qd3
Bd7 48. Nc3 Rg2 49. Qf1 Rxh2 50. Nxd5 Ree2 0-1

[Event "IX Festival A"]
[Site "Salsomaggiore Terme ITA"]
[Date "2005.05.22"]
[Round "5"]
[White "Braga, Gian Carlo"]
[Black "Ferrari, Cristiano"]
[Result "1/2-1/2"]
[WhiteElo "1515"]
[BlackElo "1469"]
[PlyCount "91"]
[EventDate "2005.05.20"]

1. e4 c5 2. Nf3 d6 3. d4 cxd4 4. Nxd4 Nf6 5. Nc3 a6 6. Be2 e6 7. Be3 Be7 8. O-O
Nc6 9. f4 O-O 10. a3 e5 11. fxe5 dxe5 12. Nxc6 bxc6 13. Bd3 Bb7 14. Qf3 Bc8 15.
h3 Be6 16. Rad1 Qc7 17. Be2 Rfd8 18. Qg3 Rxd1 19. Bxd1 Rb8 20. b4 Kh8 21. Be2
a5 22. Bc5 axb4 23. axb4 Bxc5+ 24. bxc5 Rb4 25. Bd3 Bc4 26. Rf5 Bxd3 27. cxd3
h6 28. Qxe5 Qxe5 29. Rxe5 Kg8 30. Ne2 Kf8 31. d4 Nd7 32. Rf5 g6 33. Rf2 Rc4 34.
e5 Ke7 35. Rf3 f6 36. exf6+ Nxf6 37. Re3+ Kd7 38. Kf2 Nd5 39. Rd3 Rc2 40. Kf3
Ke6 41. g3 Ra2 42. Nf4+ Nxf4 43. Kxf4 Rf2+ 44. Ke4 Rf1 45. Re3 Rc1 46. g4
1/2-1/2

[Event "IX Festival A"]
[Site "Salsomaggiore Terme ITA"]
[Date "2005.05.22"]
[Round "5"]
[White "Calza, Gabriele"]
[Black "Santurbano, Maria Vincenza"]
[Result "1/2-1/2"]
[WhiteElo "1790"]
[BlackElo "2043"]
[PlyCount "42"]
[EventDate "2005.05.20"]

1. c4 Nf6 2. g3 e5 3. Bg2 c6 4. d4 exd4 5. Qxd4 d5 6. Nf3 Be7 7. O-O c5 8. Qd3
O-O 9. cxd5 Nxd5 10. Rd1 Be6 11. e4 Nb4 12. Qe2 Bc4 13. Rxd8 Bxe2 14. Rxf8+
Kxf8 15. Ne1 N8c6 16. Nc3 Bc4 17. a3 Nd3 18. Nxd3 Bxd3 19. Be3 Rd8 20. Nd5 b6
21. Rd1 Ba6 1/2-1/2

[Event "IX Festival A"]
[Site "Salsomaggiore Terme ITA"]
[Date "2005.05.22"]
[Round "5"]
[White "Capurro, Giuliano"]
[Black "Rezzuti, Vincenzo"]
[Result "1/2-1/2"]
[WhiteElo "2088"]
[BlackElo "1862"]
[PlyCount "34"]
[EventDate "2005.05.20"]

1. e4 e5 2. Nf3 Nc6 3. Bc4 Nf6 4. Ng5 Bc5 5. Nxf7 Bxf2+ 6. Kf1 Qe7 7. Nxh8 d5
8. exd5 Bg4 9. Be2 Bxe2+ 10. Qxe2 Nd4 11. Qxf2 O-O-O 12. d3 Rf8 13. Ke1 Ne4 14.
dxe4 Rxf2 15. Kxf2 Qh4+ 16. Ke3 Qg5+ 17. Kf2 Qh4+ 1/2-1/2

[Event "IX Festival A"]
[Site "Salsomaggiore Terme ITA"]
[Date "2005.05.22"]
[Round "5"]
[White "Cedriano, Filippo"]
[Black "Tomba, Patrizia"]
[Result "1-0"]
[WhiteElo "2043"]
[BlackElo "1670"]
[PlyCount "79"]
[EventDate "2005.05.20"]

1. e4 e5 2. Nf3 Nc6 3. Bc4 Bc5 4. d3 Nf6 5. c3 O-O 6. O-O d6 7. h3 h6 8. Re1
Re8 9. Nbd2 Bb6 10. Nf1 Bd7 11. Ne3 Na5 12. Bb3 Nxb3 13. axb3 a6 14. g4 Bxe3
15. Bxe3 Nxg4 16. hxg4 Bxg4 17. Kg2 Qf6 18. Rg1 Qg6 19. Nh4 Qh5 20. f3 Qxh4 21.
fxg4 Re6 22. Rh1 Qe7 23. Rh5 Rg6 24. Qf3 Qe6 25. Rf5 Qxb3 26. Rf1 Rf8 27. Rf2
Qe6 28. Kh1 Qe7 29. g5 hxg5 30. Qg4 f6 31. Rh2 Rh6 32. Rff2 Rxh2+ 33. Rxh2 Kf7
34. Qh5+ Kg8 35. Qh7+ Kf7 36. Qf5 Qe8 37. Bxg5 Rh8 38. Bh4 Qa4 39. Qf1 Ke7 40.
Bxf6+ 1-0

[Event "IX Festival A"]
[Site "Salsomaggiore Terme ITA"]
[Date "2005.05.22"]
[Round "5"]
[White "Cenci, Federico"]
[Black "Astengo, Marcello"]
[Result "1/2-1/2"]
[WhiteElo "1712"]
[BlackElo "2120"]
[PlyCount "26"]
[EventDate "2005.05.20"]

1. e4 e6 2. d4 d5 3. Nc3 Nf6 4. Bg5 Bb4 5. e5 h6 6. Bd2 Bxc3 7. Bxc3 Ne4 8. Qg4
Kf8 9. Bd3 Nxc3 10. bxc3 c5 11. Qf4 Bd7 12. Rb1 Qc7 13. Nf3 Nc6 1/2-1/2

[Event "IX Festival A"]
[Site "Salsomaggiore Terme ITA"]
[Date "2005.05.22"]
[Round "5"]
[White "Del Giudice, Stefano"]
[Black "Magrini, Fabrizio"]
[Result "1/2-1/2"]
[WhiteElo "2077"]
[BlackElo "1856"]
[PlyCount "63"]
[EventDate "2005.05.20"]

1. d4 Nf6 2. Nf3 g6 3. Nbd2 d5 4. e3 Bg7 5. Be2 Bf5 6. Ne5 Nfd7 7. f4 f6 8. Nd3
c6 9. O-O Qc7 10. g4 Be6 11. Qe1 Na6 12. b4 Bf7 13. Bb2 Nb6 14. a4 Nc4 15. Nxc4
dxc4 16. Nf2 g5 17. fxg5 h5 18. b5 hxg4 19. Nxg4 Nb8 20. Qf2 Nd7 21. e4 O-O-O
22. Qf4 Be6 23. Qxc7+ Kxc7 24. Ra3 Rh4 25. h3 fxg5 26. Rg3 c5 27. c3 cxd4 28.
cxd4 Nc5 29. dxc5 Bxb2 30. b6+ axb6 31. cxb6+ Kb8 32. Rd1 1/2-1/2

[Event "IX Festival A"]
[Site "Salsomaggiore Terme ITA"]
[Date "2005.05.22"]
[Round "5"]
[White "Dvirnyy, Danyyil"]
[Black "Roberti, Ignazio"]
[Result "1/2-1/2"]
[WhiteElo "2120"]
[BlackElo "1954"]
[PlyCount "87"]
[EventDate "2005.05.20"]

1. e4 c5 2. Nf3 d6 3. d4 cxd4 4. Qxd4 Nc6 5. Bb5 Bd7 6. Bxc6 Bxc6 7. Nc3 Nf6 8.
Bg5 e6 9. O-O-O Be7 10. Qd3 O-O 11. Nd4 Qa5 12. h4 Rfe8 13. f3 Rac8 14. Kb1 a6
15. g4 b5 16. Nce2 b4 17. Ng3 Ba4 18. Rh2 Rc7 19. Rg1 Rec8 20. Nh5 Qc5 21. Rhg2
Ne8 22. Bxe7 Rxe7 23. g5 Rec7 24. Nf6+ Nxf6 25. gxf6 g6 26. b3 Be8 27. Rg5 Qc3
28. Rd1 Qxd3 29. Rxd3 Rc5 30. Rxc5 dxc5 31. Ne2 Bb5 32. Rd2 Bxe2 33. Rxe2 Rd8
34. Kc1 Kf8 35. Rd2 Ke8 36. f4 Rxd2 37. Kxd2 Kd7 38. e5 Kc6 39. c4 a5 40. Ke3
Kb6 41. Kf3 h5 42. f5 gxf5 43. Kf4 Kc7 44. Kg5 1/2-1/2